000 00404nam a2200169Ia 4500
003 GCL
008 140319s9999 xx 000 0 eng d
040 _aGCL /
_cGCL
082 0 4 _a591
_bC A
100 1 _aSHINERY, MICHAEL
245 1 0 _aANIMAL COMMUNITIES /
_cSHINERY, MICHAEL
260 _a[S.N] :
_bCOLLINS
300 _a128 P
650 0 4 _aANIMAL
650 0 4 _aANIMAL COMMUNITIES
942 _2ddc
_cBK
999 _c13494
_d13494